Harry Potter: le Saule Cogneur - Statistiques

Statistiques générales
  • Ce quiz a été pris 101 fois
  • Le résultat moyen est 5 sur 7
Statistiques - réponses
Information Réponse % Correct
Première apparition Harry Potter et la Chambre des Secrets
99%
Derniere apparition Harry Potter et les Reliques de la Mort
95%
Balai qu'il a détruit Nimbus 2000
86%
Localisation Poudlard
86%
Endroit où il mène Cabane hurlante
80%
Raison pour laquelle il a été planté Pour aider Remus Lupin
42%
Utilisation Entrée d'un passage secret
28%
Aucun quiz correspondant
Distribution des résultats
% des personnes avec chaque résultat
Percentile par nombre de réponses
Votre historique - résultats
Vous n’avez pas pris ce quiz